Un día volveré
Сохранить в:
| Главный автор: | |
|---|---|
| Формат: | |
| Язык: | испанский |
| Опубликовано: |
Barcelona
Plaza & Janés
1982
|
| Серии: | Plaza & Janés Literaria
|
| Предметы: | |
| Метки: |
Добавить метку
Нет меток, Требуется 1-ая метка записи!
|
MARC
| LEADER | 00000nam a2200000 a 4500 | ||
|---|---|---|---|
| 001 | UCQ6080 | ||
| 003 | CL-VaPUC | ||
| 008 | 981009e19820000SP |||||||||||||||||spa|d | ||
| 082 | 0 | 4 | |a 863 |b MAR |2 21 |
| 100 | |a Marsé, Juan |e autor |9 453927 | ||
| 245 | 1 | 3 | |a Un día volveré |
| 300 | |a 287 p | ||
| 942 | |c BK | ||
| 945 | |d 19981009 00:00:00 |a lriquelm | ||
| 260 | |a Barcelona |b Plaza & Janés |c 1982 | ||
| 650 | 0 | |a Literatura española |9 306261 | |
| 650 | 0 | |a Novelas españolas |9 265052 | |
| 583 | |a last modification |c 19981009 00:00:00 |k Rodrigo Vera | ||
| 490 | 0 | |a Plaza & Janés Literaria | |
| 999 | |c 276083 |d 276081 | ||
| 952 | |0 0 |1 0 |4 0 |6 863_000000000000000_MAR_1982 |7 0 |8 A |9 313212 |a FDOPOS |b FDOPOS |d 2019-11-20 |i 1478818 |o 863 MAR 1982 |p 1478818 |r 2025-01-22 |w 2019-11-20 |y BK |k MLH | ||